Central Library OPAC University of Rajshahi

চৈতন্য-পরিকর / (Record no. 64688)

MARC details
000 -LEADER
fixed length control field 00922nam a2200241 a 4500
001 - CONTROL NUMBER
control field 64688
003 - CONTROL NUMBER IDENTIFIER
rucl marc code BD-RjUL
005 - DATE AND TIME OF LATEST TRANSACTION
control field 20211209081333.0
008 - FIXED-LENGTH DATA ELEMENTS--GENERAL INFORMATION
fixed length control field 170219s1962 ii ||||| |||| 00| 0 ben d
020 ## - INTERNATIONAL STANDARD BOOK NUMBER
Terms of availability : Tk. 16.00
035 ## - SYSTEM CONTROL NUMBER
System control number (BD-RjUL)64818
040 ## - CATALOGING SOURCE
Original cataloging agency BD-RjUL
Language of cataloging eng
Transcribing agency BD-RjUL
041 ## - LANGUAGE CODE
Language code of text/sound track or separate title ben
082 ## - DEWEY DECIMAL CLASSIFICATION NUMBER
Edition number 23
Classification number 891.440922
Author mark and year MAC 1962
100 ## - MAIN ENTRY--PERSONAL NAME
Personal name মাইতি, রবীন্দ্রনাথ
9 (RLIN) 173234
245 10 - TITLE STATEMENT
Title চৈতন্য-পরিকর /
Statement of responsibility, etc. রবীন্দ্রনাথ মাইতি
260 ## - PUBLICATION, DISTRIBUTION, ETC. (IMPRINT)
Place of publication, distribution, etc. কলিকাতা :
Name of publisher, distributor, etc. বুকল্যাণ্ড,
Date of publication, distribution, etc. ১৯৬২
300 ## - PHYSICAL DESCRIPTION
Pagination [৩২], ৮০০ পৃ. ;
Size ২৩ সেমি.
500 ## - GENERAL NOTE
General note নির্ঘণ্ট সংযুক্ত
650 ## - SUBJECT ADDED ENTRY--TOPICAL TERM
Topical term or geographic name as entry element বাংলা সাহিত্য
General subdivision সংগৃহীত জীবনী
9 (RLIN) 185023
Topical term or geographic name as entry element Bengali Literature
General subdivision Collected Biography
9 (RLIN) 186582
942 ## - ADDED ENTRY ELEMENTS (KOHA)
Source of classification or shelving scheme Dewey Decimal Classification
Koha item type Books
Holdings
Lost status Source of classification or shelving scheme Damaged status Not for loan Collection code Permanent Location Current Location Shelving location Date acquired Source of acquisition Cost, normal purchase price Total Checkouts Full call number Date last seen Copy number Koha item type
  Dewey Decimal Classification   Not For Loan Non-fiction Central Library, University of Rajshahi Central Library, University of Rajshahi Reading Room 02/11/1974 Janathan Wren & co., London 16.00   B 891.440922 MAC 1962 19/02/2017 C-1 Books